National Geographic Kids : (Record no. 5308)

MARC details
000 -LEADER
fixed length control field 00609nam a22001937a 4500
003 - CONTROL NUMBER IDENTIFIER
control field OSt
005 - DATE AND TIME OF LATEST TRANSACTION
control field 20251029075622.0
008 - FIXED-LENGTH DATA ELEMENTS--GENERAL INFORMATION
fixed length control field 251029b |||||||| |||| 00| 0 eng d
020 ## - INTERNATIONAL STANDARD BOOK NUMBER
International Standard Book Number 978-1-4263-7337-4
040 ## - CATALOGING SOURCE
Original cataloging agency DWCL - Main Lib
Transcribing agency OC
082 ## - DEWEY DECIMAL CLASSIFICATION NUMBER
Classification number GR 030 N277 2022
100 ## - MAIN ENTRY--PERSONAL NAME
Personal name Flynn, Sarah Wassher
245 ## - TITLE STATEMENT
Title National Geographic Kids :
Remainder of title Almanac 2023 /
Statement of responsibility, etc. Sarah Wassher Flynn
260 ## - PUBLICATION, DISTRIBUTION, ETC.
Place of publication, distribution, etc. Washington, U.S.A. ;
Name of publisher, distributor, etc. National Geographic Partners, LLC,
Date of publication, distribution, etc. c2022.
300 ## - PHYSICAL DESCRIPTION
Extent 367 pages ;
Other physical details colored illustrations ;
Dimensions 23 cm.
501 ## - WITH NOTE
With note Includes Index.
650 ## - SUBJECT ADDED ENTRY--TOPICAL TERM
Topical term or geographic name entry element 1. Almanac.
942 ## - ADDED ENTRY ELEMENTS (KOHA)
Source of classification or shelving scheme Dewey Decimal Classification
Koha item type General Reference
Call number suffix GR
Suppress in OPAC No
952 ## - LOCATION AND ITEM INFORMATION (KOHA)
--
952 ## - LOCATION AND ITEM INFORMATION (KOHA)
--
Holdings
Withdrawn status Lost status Source of classification or shelving scheme Damaged status Not for loan Home library Current library Shelving location Date acquired Source of acquisition Total Checkouts Full call number Barcode Date last seen Copy number Price effective from Koha item type Uniform Resource Identifier Cost, normal purchase price
    Dewey Decimal Classification     Junior High School Library Junior High School Library General Reference 03/21/2024 School Fund   GR 030 N277 2022 JHS - 21330 10/29/2025 c1 10/29/2025 GR  
    Dewey Decimal Classification     Junior High School Library Junior High School Library General Reference 07/17/2025 School Fund   GR 030 N277 2022 JHS - 21493 10/29/2025 c2 10/29/2025 GR 149.00